000 00414nam a2200121 4500
999 _c15172
_d15172
008 200305b ||||| |||| 00| 0 eng d
100 _941929
_aCinco, Elinando B.
_eAuthor.
245 _aNew, modern power plants needed to sustain economic growth/
_cElinando B. Cinco.
260 _aPhilippines;
_bManila Bulletin,
_c©2019.
300 _apage 10;
_c29.5cm.
650 _aEconomic conditions.
_941930
942 _2ddc
_cPER